Житие святого Евфимия

RUSMARC
00005114cac2a2200000 x 450
00191fc8420-e526-4f97-8ab7-5b09101ec184
00520160421151324.0
100##$a20160215l19131913k l0rusy0189 ca
1010#$arus
$achv
102##$aRU
2001#$aЖитие святого Евфимия
$eна чувашском языке
251##$cДело
801#0$aRU
$bРГИА
$c20160215
$gRCR
801#1$aRU
$bГлавНИВЦ
$c20160215
$2rusmarc
801#2$aRU
$bПБ им. Б.Н. Ельцина
$c20160328
$gRCR
$2rusmarc
850##$aРГИА
852##$aРГИА
$eФедеральное казенное учреждение "Российский государственный исторический архив" (РГИА)
$j5132
937##$hРГИА
$d12201216
$aASBIBLIO_SCAN
215##$a29 с.
$d17,5х13 см
105##$ay###
1222#$ad
2101#$aКазань
$cИздание Православного миссионерского общества
$d1913
$gЦентральная типография
461#0$10012640edd5-2044-417d-b282-4ec02c959e00
$12001
$aДублетный фонд НСБ
$1251
$cФонд
$1852
$j0
462#0$100101f3c915-c163-4bd9-8823-fd1c871481a4
$12001
$aДублетный фонд Библиотеки
$vД. 5132
$1251
$cОпись
$1852
$j1
$lД
035##$a91fc8420-e526-4f97-8ab7-5b09101ec184
600#0$aЕвфимий Великий
$cсвятой
$fок. 377 - 473
$2prlib_sh
$3LIBNET\UAF\0000062631
605##$2acquisition_Prlib
$3DITM\AF\0000003834
$aНарод
$lколлекция
605##$2acquisition_prlib
$3LIBNET\UAF\0000061920
$aСинод в истории российской государственности
$lколлекция
6061#$2nlr_sh
$3RU\NLR\AUTH\6613804
$aЖития святых
686##$2rubbk
$a86.372.24-3,8
$vLBC/M
686##$2rubbk
$a86.372.24-574.3
$vLBC/M
71202$3RU\NLR\AUTH\889972346
$4650
$aПравославное миссионерское общество
$cМосква
8564#$uhttp://www.prlib.ru/Lib/pages/item.aspx?itemid=137639
Формат отображения